Największe miasta w Rosji pod względem ludności - Statystyki

Ogólne statystyki
  • Ten quiz został rozwiązany 149 razy
  • Średni wynik to 9 z 13
Statystyki odpowiedzi
Hint Odpowiedź % Poprawnych
12 330 943 Moskwa
100%
5 225 219 Petersburg
97%
1 216 308 Kazań
70%
1 170 184 Samara
67%
1 016 739 Wołgograd
67%
1 266 592 Niżny Nowogród
62%
1 119 448 Rostów nad Donem
61%
1 110 291 Ufa
59%
1 584 921 Nowosybirsk
58%
1 444 738 Jekaterynburg
57%
1 041 672 Perm
57%
1 178 583 Omsk
56%
1 191 458 Czelabińsk
43%
Nie znaleziono quizów pasujących do podanych kryteriów
Rozkład punktacji
Procent ludzi z każdym wynikiem
Percentyl według liczby udzielonych odpowiedzi
Twoja historia wyników
Nie rozwiązałeś tego quizu